Plus grandes villes d'Algérie sur une carte. - Statistiques

Statistiques générales
  • Ce quiz a été pris 1 314 fois
  • Le résultat moyen est 8 sur 16
Réponses sur la Carte
Les réponses sont colorées sur une échelle allant du rouge au vert en fonction du pourcentage des utilisateurs qui les ont devinées à leur premier essai. Vous pouvez retrouver ces pourcentages ci-dessous.
 
Statistiques - réponses
Population Ville % Correct
3 154 792 Alger
100%
1 343 899 Oran
96%
448 374 Constantine
80%
257 359 Annaba
72%
177 988 Béjaïa
72%
288 461 Sétif
65%
176 767 Blida
51%
205 608 Biskra
45%
163 618 Skikda
44%
290 645 Batna
42%
212 935 Sidi bel-Abbès
40%
165 627 Béchar
35%
289 226 Djelfa
25%
196 537 Tébessa
25%
169 927 Ouargla
23%
201 263 Tiaret
22%
Aucun quiz correspondant
Distribution des résultats
% des personnes avec chaque résultat
Percentile par nombre de réponses
Votre historique - résultats
Vous n’avez pas pris ce quiz